European Countries with the Most Cinema Admissions - Statistics

General Stats
  • This quiz has been taken 751 times
    750 since last reset
  • The average score is 9 of 10
Answer Stats
Adm. Country % Correct
213.1 France
99%
121.1 Germany
99%
168.3 United Kingdom
99%
101.0 Spain
98%
105.4 Italy
97%
194.7 Russia
93%
52.1 Poland
90%
17.8 Sweden
87%
34.2 Netherlands
85%
19.4 Belgium
83%
No matching quizzes found
Score Distribution
Percent of People with Each Score
Percentile by Number Answered
Your Score History
You have not taken this quiz since the last reset